000 00493nam a2200145 4500
999 _c10179
_d10179
008 180804b ||||| |||| 00| 0 eng d
022 _a2094-8042
082 _aDPer 370.105 M72 June 2010-Mar 2011 v. 59 n. 1-10
100 _930038
_aCorpuz, George R.
245 _aEaster symbols/
_cGeorge R. Corpuz.
260 _aPhilippines;
_bIn The Grade School, Inc.,
_cc2010-2011.
300 _av59 n10, pages 426-428:
_billustrations;
_c27cm.
650 0 _930042
_aSigns and symbols.
942 _2ddc
_cPER